|
|
|
|
| LEADER |
01185nam a2200301 a 4500 |
| 001 |
4994377 |
| 008 |
130117s1999 nyu b 000 0 eng d |
| 010 |
|
|
|a 99017302
|
| 020 |
|
|
|a 9780791443668
|
| 020 |
|
|
|a 0791443655 (hardcover : alk. paper)
|
| 020 |
|
|
|a 0791443663 (pbk. : alk. paper)
|
| 040 |
|
|
|a DLC
|c DLC
|d DLC
|d BD-DhAAL
|
| 082 |
0 |
0 |
|a 614.4/9
|2 21
|
| 100 |
1 |
|
|a Hatty, Suzanne.
|
| 245 |
1 |
4 |
|a The disordered body :
|b epidemic disease and cultural transformation /
|c Suzanne E. Hatty and James Hatty.
|
| 260 |
|
|
|a Albany, N.Y. :
|b State University of New York Press,
|c c1999.
|
| 300 |
|
|
|a v, 362 p. ;
|c 23 cm.
|
| 440 |
|
0 |
|a SUNY series in medical anthropology
|
| 504 |
|
|
|a Includes bibliographical references (p. 319-343) and index.
|
| 541 |
1 |
|
|e 00026534
|
| 650 |
|
0 |
|a Epidemics
|x History.
|
| 650 |
|
0 |
|a Epidemics
|x Social aspects.
|
| 650 |
|
0 |
|a Medical anthropology.
|
| 650 |
|
0 |
|a Human body.
|
| 700 |
1 |
|
|a Hatty, James,
|d 1923-
|
| 852 |
1 |
|
|a Ayesha Abed library
|c General Shelf
|
| 999 |
|
|
|c 13126
|d 13126
|
| 952 |
|
|
|0 0
|1 0
|2 ddc
|4 0
|6 614_490000000000000_HAT
|7 0
|9 21845
|a JPGSPH
|b JPGSPH
|c GEN
|d 2013-01-21
|e Trim Education
|g 4275.00
|l 0
|o 614.49 HAT
|p 3060026531
|r 2013-01-21
|t 1
|w 2013-01-21
|y BK
|